|
|
|
|
| LEADER |
00000nam0a2200000 4500 |
| 001 |
679742 |
| 005 |
20250507112017.0 |
| 010 |
|
|
|a 978-5-406-09466-2
|
| 090 |
|
|
|a 679742
|
| 100 |
|
|
|a 20250416d2024 m||y0rusy50 ca
|
| 101 |
0 |
|
|a rus
|
| 102 |
|
|
|a RU
|
| 105 |
|
|
|a y j 000yy
|
| 181 |
|
0 |
|a i
|b e
|
| 182 |
|
0 |
|a n
|
| 183 |
|
0 |
|a nc
|2 RDAcarrier
|
| 200 |
1 |
|
|a История России
|e учебник
|f В. П. Семин
|
| 203 |
|
|
|a Текст
|b визуальный
|c непосредственный
|
| 205 |
|
|
|a 3-е изд., стер.
|
| 210 |
|
|
|a Москва
|c Кнорус
|d 2024
|
| 215 |
|
|
|a 438 с.
|
| 225 |
|
|
|a Бакалавриат
|
| 283 |
|
|
|a volume
|2 RDAcarrier
|
| 330 |
|
|
|a Цель учебника - дать студентам непрофильных вузов глубокие исторические знания, сформировать у них историческое мировоззрение, представления об основных этапах и содержании истории России с древнейших времен до наших дней, на конкретных примерах из различных эпох выявить органическую взаимосвязь российской и мировой истории. В этом контексте проанализировать общее и особенное в истории России, что позволит определить место российской цивилизации во всемирном историческом процессе. Соответствует ФГОС ВО последнего поколения.
|
| 606 |
|
|
|a Россия
|x История
|9 81526
|
| 610 |
1 |
|
|a учебники
|
| 610 |
1 |
|
|a Древнерусское государство
|
| 610 |
1 |
|
|a Русь
|
| 610 |
1 |
|
|a Российская империя
|
| 610 |
1 |
|
|a Советская Россия
|
| 610 |
1 |
|
|a СССР
|
| 610 |
1 |
|
|a Российская Федерация
|
| 610 |
1 |
|
|a феодальная раздробленность
|
| 610 |
1 |
|
|a социально-экономические преобразования
|
| 610 |
1 |
|
|a политические преобразования
|
| 610 |
1 |
|
|a революции
|
| 610 |
1 |
|
|a войны
|
| 686 |
|
|
|2 rubbk
|a Т3(2)я73
|
| 700 |
|
1 |
|a Семин
|b В. П.
|g Владимир Прокофьевич
|
| 801 |
|
0 |
|a RU
|b 63413507
|c 20250415
|
| 850 |
|
|
|a 63413507
|
| 942 |
|
|
|c BK
|